Syntéza a syntetické využitie nových heterocyklických azofarbív v kozmetike a potravinárskom priemysle
Salvato in:
| Autore principale: | |
|---|---|
| Altri autori: | |
| Natura: | Manoscritto Libro |
| Lingua: | slovacco |
| Pubblicazione: |
2023
|
| Soggetti: | |
| Accesso online: | http://is.stuba.sk/zp/portal_zp.pl?podrobnosti=162391 |
| Tags: |
Nessun Tag, puoi essere il primo ad aggiungerne!!
|
MARC
| LEADER | 00000ntm a22000003a 4500 | ||
|---|---|---|---|
| 001 | stuzp94360 | ||
| 003 | SK-STU | ||
| 005 | 20230909221853.0 | ||
| 007 | ta | ||
| 008 | 150427s2015----xo-----f-mn---000-0-slo-d | ||
| 040 | |a STU |b slo | ||
| 041 | 0 | |a slo | |
| 100 | 1 | |a Košťálová, Nina |u 048140 |4 aut |U FCHPT Ústav organickej chémie, katalýzy a petrochémie |T FCHPT Oddelenie organickej chémie |X 110556 |U C8140 |Y 124 |7 110556 | |
| 242 | 0 | 1 | |a Utilization of new heterocyclic azo dyes in the cosmetics and food industry |y eng |
| 245 | 1 | 0 | |a Syntéza a syntetické využitie nových heterocyklických azofarbív v kozmetike a potravinárskom priemysle |
| 260 | |c 2023 | ||
| 650 | 4 | |a azo zlúčeniny |2 slo | |
| 650 | 4 | |a heterocyklické azofarbivá |2 slo | |
| 650 | 4 | |a perfluórfenylové deriváty |2 slo | |
| 650 | 4 | |a molekulové spínače |2 slo | |
| 650 | 4 | |a trijodid dusíka |2 slo | |
| 650 | 4 | |a azo compounds |2 eng | |
| 650 | 4 | |a heterocyclic azo dyes |2 eng | |
| 650 | 4 | |a molecular switches |2 eng | |
| 650 | 4 | |a perfluorphenyl derivatives |2 eng | |
| 650 | 4 | |a nitrogen triodide |2 eng | |
| 700 | 1 | |a Bortňák, Dušan |u 048140 |k Z1 |4 ths |U FCHPT Ústav organickej chémie, katalýzy a petrochémie |T FCHPT Oddelenie organickej chémie |X 42446 |U C8140 |Y 124 |7 42446 | |
| 856 | 4 | |u http://is.stuba.sk/zp/portal_zp.pl?podrobnosti=162391 | |